| 000 | 01535nam0a2200349 4500 | ||
|---|---|---|---|
| 001 | RU\NLR\bibl\1693805 | ||
| 005 | 20260406063901.0 | ||
| 010 |
_a978-5-360-02176-6 _91000 |
||
| 021 |
_aRU _b2010-74068 _94917 |
||
| 035 | _a(nilc)RSL-KNO-004738655 | ||
| 035 | _a(NLR Aleph) 001684911 | ||
| 090 |
_a1124518 _c1124518 |
||
| 100 | _a20101004d2010 |||y0rusy50 ca | ||
| 101 | 0 | _arus | |
| 102 | _aRU | ||
| 105 | _aa ||||||||| | ||
| 200 | 1 |
_aЭкология _e10-11 классы _eучебник для учащихся общеобразовательных учреждений : профильный уровень _fБ. М. Миркин, Л. Г. Наумова, С. В. Суматохин |
|
| 210 |
_aМосква _cВентана-Граф _d2010 |
||
| 215 |
_a383 с. _cцв. ил. _d22 |
||
| 320 | _aПредм. указ.: с. 376-380 | ||
| 606 | 1 |
_aЭкология _jУчебники для средней школы _9939347 _3RU\NLR\auth\6628592 |
|
| 686 |
_aЕ081я721-1 _2rubbk |
||
| 686 | _aЕ081я721-1 | ||
| 700 | 1 |
_4070 _8rus _7ca _aМиркин _bБ. М. _f1937- _gБорис Михайлович _3RU\NLR\auth\7723373 _96426 |
|
| 701 | 1 |
_4070 _8rus _7ca _aНаумова _bЛ. Г. _cканд. биол. наук _f1947- _gЛениза Гумеровна _3RU\NLR\auth\7723376 _96429 |
|
| 701 | 1 |
_aСуматохин _bС. В. _gСергей Витальевич _4070 |
|
| 801 | 0 |
_aRU _bRuMoRKP _c20101004 _grcr |
|
| 801 | 1 |
_aRU _bRuMoRGB _c20101004 |
|
| 801 | 2 |
_aRU _bNLR _c20101102 _grcr |
|
| 942 | _cBOOK | ||
| 980 | _aNB | ||